Educational Campaigns as a Tool To Support Conscious Consumer Purchases To Minimize Food Waste: An Investigation among a Selected Social Group in Poland
Určenie príčin plytvania potravinami na najnižšej úrovni, t. j. v domácnostiach a určenie najefektívnejších informačných kanálov pre vzdelávacie kampane, ktoré spotrebiteľom poskytujú spôsoby, ako minimalizovať tento jav.
Uložené v:
| Hlavný autor: | |
|---|---|
| Ďalší autori: | , |
| Médium: | Kapitola |
| Jazyk: | English |
| Predmet: | |
| Tagy: |
Žiadne tagy, Buďte prvý, kto otaguje tento záznam!
|
MARC
| LEADER | 00000naa a2200000 4500 | ||
|---|---|---|---|
| 001 | 0311778 | ||
| 005 | 20260126144557.2 | ||
| 041 | 0 | |a eng | |
| 044 | |a PL | ||
| 245 | 1 | 0 | |a Educational Campaigns as a Tool To Support Conscious Consumer Purchases To Minimize Food Waste: An Investigation among a Selected Social Group in Poland |c Julia Wojciechowska-Solis, Magdalena Śmiglak-Krajewska, Malgorzata Agnieszka Jarossová |
| 520 | |a Určenie príčin plytvania potravinami na najnižšej úrovni, t. j. v domácnostiach a určenie najefektívnejších informačných kanálov pre vzdelávacie kampane, ktoré spotrebiteľom poskytujú spôsoby, ako minimalizovať tento jav. | ||
| 610 | 2 | 0 | |a mládež |
| 610 | 2 | 0 | |a mladiství |
| 610 | 2 | 0 | |a spotrebitelia |
| 610 | 2 | 0 | |a rozhodovanie nákupné |
| 610 | 2 | 0 | |a plytvanie potravinami |
| 610 | 2 | 0 | |a vzdelávanie |
| 610 | 2 | 0 | |a kanály |
| 610 | 2 | 0 | |a informácie |
| 100 | 1 | |a Wojciechowska-Solis, Julia | |
| 700 | 1 | |a Śmiglak-Krajewska, Magdalena | |
| 700 | 1 | |a Jarossová, Malgorzata Agnieszka, 1978- | |